000 00972nam a22003017a 4500
001 BR8403192
003 BR-BrBNA
005 20230928091935.0
007 ta
008 230509b bl.||||| |||| 00| 0 por d
040 _aBR-BrBNA
_bpor
_cBiblioteca Nacional de Agricultura
041 _a(Por)
072 _aK20; D50; K10
_b/G514
090 _ K20 BR8403192
100 1 _aMachado, S. do A. (ed.)
110 1 _aInstituto Brasileiro de Desenvolvimento Florestal, Brasilia, DF (Brasil). Depto. de Economia Florestal
_95731
245 1 _aInventario florestal nacional. Florestas plantadas. Parana, Santa Catarina [Brasil]
260 3 _aBrasilia, DF (Brasil):
_c1984.
300 _a284 p.
500 _a149 tables; 32 illus.; 34 ref.; Summary (Eng)
650 _aRECONHECIMENTO FLORESTAL
650 _aPARANA
650 _aSANTA CATARINA
650 _aLEGISLACAO FLORESTAL
650 _aREFLORESTAMENTO
909 _a202309
_bLucia
_c55
_dLucia Elande
942 _cBK
999 _c36312
_d36312